The culture and behavior of selected estuarine fish and shellfish in aquaria receiving effluent water from a power plant /

Bibliographic Details
Main Author: Carr, Barbara Ann, 1951-
Other Authors: Ray, Sammy M. (degree committee member.), Strawn, Kirk (degree committee member.), Walther, Fritz R. (degree committee member.)
Format: Thesis Book
Language:English
Published: 1981.
Subjects:
Online Access:Link to ProQuest copy
Link to OAKTrust copy
ProQuest, Abstract

MARC

Tag First Indicator Second Indicator Subfields
LEADER 00000ctm a2200000Ia 4500
001 in00000069848
005 20220104090725.0
008 820618s1981 xx a bm 000 0 eng d
035 |9 AAJ4626AM 
035 |a (OCoLC)08528644 
035 |a (OCoLC)8528644 
035 |a (OCoLC)ocm08528644 
040 |a TXA  |b eng  |c TXA  |d OCLCQ  |d OCLCF  |d OCLCO  |d OCLCQ  |d UMI  |d TXA 
049 |a TXAM 
050 4 |a SH174  |b .C37 1981 
099 |a 1981  |a Dissertation  |a C312 
100 1 |a Carr, Barbara Ann,  |d 1951- 
245 1 4 |a The culture and behavior of selected estuarine fish and shellfish in aquaria receiving effluent water from a power plant / 
264 1 |c 1981. 
300 |a xv, 230 leaves :  |b illustrations ;  |c 29 cm 
336 |a text  |b txt  |2 rdacontent 
337 |a unmediated  |b n  |2 rdamedia 
338 |a volume  |b nc  |2 rdacarrier 
500 |a "Major subject: Wildlife and Fisheries Sciences." 
500 |a Typescript (photocopy). 
500 |a Vita. 
502 |b Ph. D.  |c Texas A & M University  |d 1981 
504 |a Includes bibliographical references (leaves 159-166). 
520 3 |a Sixteen species (2 molluscs, 2 crustaceans, and 12 fishes) were used as biological monitors in flow-through aquaria. The aquaria received effluent from Houston Lighting & Power Company's Cedar Bayou generating station located in Chambers County, Texas. Growth and survival of organisms were monitored in ambient and thermally regulated water (20, 25, and 30 C). Behavior experiments were carried out with several of the monitor species, Cyprinodon variegatus, Mugil cephalus and Mugil curema. Rangia cuneata and Crassostrea virginica survived and grew in the flow-through aquaria under normal conditions; however, a polychaete infestation and high temperatures and extremely low salinities (0 °/oo) and high temperatures limited the survival of R. cuneata and C. virginica, respectively. C. variegatus, Poecilia latipinna and Gambusia affinis successfully reproduced in the laboratory aquaria. Arius felis, Lagodon rhomboides, Leiostomus xanthurus, Micropogonias undulatus, Pogonias cromis, Sciaenops ocellata, Chaetodipterus faber, Mugil cephalus and Mugil curema survived and grew at ambient temperature and salinity except when epidermal infections, sampling stress, extremely low salinities (0 °/oo), and gas supersaturation limited survival. White and striped mullet were more resistant to these problems than other species. R. cuneata, C. virginica, L. xanthurus, M. undulatus, C. faber and M. cephalus were analyzed for heavy metals and pesticides and were evaluated according to current Food and Drug Administration (FDA) standards. All organisms were found to be within the established FDA tolerance levels and are therefore considered fit for human consumption. C. variegatus was tested at various sex-ratios to determine whether a particular ratio could maximize the number of young produced. No statistically significant difference was found in the number of young produced; however, population density and sex-ratio significantly increased total adult mortality... 
650 0 |a Electric power-plants  |x Environmental aspects. 
650 0 |a Fishes  |x Effect of water pollution on. 
650 0 |a Mariculture. 
650 0 |a Shellfish  |x Effect of water pollution on. 
650 0 |a Thermal pollution of rivers, lakes, etc. 
650 4 |a Major wildlife and fisheries sciences. 
655 7 |a Academic theses  |2 lcgft 
700 1 |a Aldrich, David V.,  |e degree supervisor. 
700 1 |a Ray, Sammy M.,  |e degree committee member. 
700 1 |a Strawn, Kirk,  |e degree committee member. 
700 1 |a Walther, Fritz R.,  |e degree committee member. 
710 2 |a Texas A & M University,  |e degree granting institution. 
856 4 1 |u http://proxy.library.tamu.edu/login?url=http://proquest.umi.com/pqdweb?did=749748751&sid=1&Fmt=2&clientId=2945&RQT=309&VName=PQD  |z Link to ProQuest copy  |t 0 
856 4 1 |u https://hdl.handle.net/1969.1/DISSERTATIONS-88357  |z Link to OAKTrust copy  |t 0 
856 4 2 |3 ProQuest, Abstract  |u http://gateway.proquest.com/openurl?url_ver=Z39.88-2004&rft_val_fmt=info:ofi/fmt:kev:mtx:dissertation&res_dat=xri:pqm&rft_dat=xri:pqdiss:8203261  |t 0 
994 |a C0  |b TXA 
999 f f |s 8bc11a23-84a3-3cf7-bf29-d82e1aabbf1f  |i 164978e7-029c-3892-b756-bb2e5ddd29c7  |t 0 
952 f f |p normal  |a Texas A&M University  |b Galveston Campus  |c Jack K. Williams Library  |s galv stk  |d Galveston Stacks  |t 0  |e LXD 15 1981 .C377  |h Library of Congress classification  |i unmediated -- volume  |m 33620001244132 
952 f f |p noncirc  |a Texas A&M University  |b J.J. Pickle Campus  |c High Density Repository  |s HDR  |d Remote Storage  |t 0  |e 1981 Dissertation C312  |h Other scheme  |i unmediated -- volume  |m A14841004955 
952 f f |p normal  |a Texas A&M University  |b Galveston Campus  |c Jack K. Williams Library  |s galv stk  |d Galveston Stacks  |t 0  |e SH 174 .C37 1981  |g GBAY  |h Library of Congress classification  |i unmediated -- volume  |m 33620000741088 
952 f f |a Texas A&M University  |b College Station  |c Electronic Resources  |s www_evans  |d Available Online  |t 0  |e 1981 Dissertation C312  |h Other scheme 
998 f f |a 1981 Dissertation C312  |t 0  |l Available Online 
998 f f |a SH 174 .C37 1981  |t 0  |l Galveston Stacks 
998 f f |a LXD 15 1981 .C377  |t 0  |l Galveston Stacks 
998 f f |a 1981 Dissertation C312  |t 0  |l Remote Storage